000 00753nam a2200241Ia 4500
003 GCL
008 140319s9999 xx 000 0 ara d
040 _aGCL /
_cGCL
082 0 4 _a910
_bم ج
100 1 _aمحمد محمود ابراهيم الديب
245 1 0 _aالجغرافيا العامة /
_cمحمد محمود ابراهيم الديب
260 _a[S.N] :
_bدار شمس المعرفة ،
_c1993
300 _a278 ص
490 _a
650 0 4 _aالجغرافيا
650 0 4 _aالسكان
650 0 4 _aالمناخ
650 0 4 _aالجغرافيا البشرية
650 0 4 _aالانسان والبيئة
650 0 4 _aالجغرافيا السياسية
650 0 4 _aالظواهر الجوية
942 _2ddc
_cBK
999 _c35775
_d35775